LEADER 03968nam 22006975 450 001 9910568249003321 005 20251113205233.0 010 $a3-031-03895-9 024 7 $a10.1007/978-3-031-03895-2 035 $a(MiAaPQ)EBC6992050 035 $a(Au-PeEL)EBL6992050 035 $a(CKB)22444041500041 035 $a(OCoLC)1319224093 035 $a(DE-He213)978-3-031-03895-2 035 $a(EXLCZ)9922444041500041 100 $a20220516d2022 u| 0 101 0 $aeng 135 $aurcnu|||||||| 181 $ctxt$2rdacontent 182 $cc$2rdamedia 183 $acr$2rdacarrier 200 10$aField-based Tests for Soccer Players $eMethodological Concerns and Applications /$fby Filipe Manuel Clemente, Rafael Oliveira, Rui Silva, Zeki Akyildiz, Halil Ibrahim Ceylan, Javier Raya González, Francisco Tomás González Fernández, Rui Araújo, Hugo Sarmento, Ricardo Lima, Bruno Silva, Sérgio Matos, Yung-Sheng Chen, José Afonso 205 $a1st ed. 2022. 210 1$aCham :$cSpringer International Publishing :$cImprint: Springer,$d2022. 215 $a1 online resource (115 pages) 225 1 $aSpringerBriefs in Applied Sciences and Technology,$x2191-5318 311 08$aPrint version: Clemente, Filipe Manuel Field-Based Tests for Soccer Players Cham : Springer International Publishing AG,c2022 9783031038945 320 $aIncludes bibliographical references and index. 327 $aChapter 1. Introduction: Rationale for understanding accuracy, precision, and repeatability levels of field-based tests -- Chapter 2. Systematically revising the literature of field-based soccer tests -- Chapter 3. Summarizing and characterizing the field-based soccer tests -- Chapter 4. Evidence of accuracy, precision, and repeatability levels of field-based tests -- Chapter 5. Discussion of field-based soccer tests for aerobic fitness -- Chapter 6. Discussion of field-based soccer tests for sprinting, change-of-direction and agility -- Chapter 7. Discussion of field-based soccer tests for strength, power, and neuromuscular fitness -- Chapter 8. Conclusions & practical implications. 330 $aThis book systematically summarizes the accuracy, precision, and repeatability levels of field-based tests applied in soccer. It considers such details as the effectiveness of tests for different age categories and sexes. In this book, the readers will be able to check all the field-based tests conceived for fitness assessment in soccer through a large systematic review made to the literature. In addition a brief characterization of each test and presentation of the concurrent validity and repeatability levels for each test will be provided. Finally, the book contains a general discussion of the implications of the tests for different methodological approaches to training. It will be use to sports scientists and practitioners. 410 0$aSpringerBriefs in Applied Sciences and Technology,$x2191-5318 606 $aSports sciences 606 $aMeasurement 606 $aMeasuring instruments 606 $aMechanics 606 $aQuantitative research 606 $aSport Science 606 $aMeasurement Science and Instrumentation 606 $aSports Biomechanics 606 $aClassical Mechanics 606 $aData Analysis and Big Data 615 0$aSports sciences. 615 0$aMeasurement. 615 0$aMeasuring instruments. 615 0$aMechanics. 615 0$aQuantitative research. 615 14$aSport Science. 615 24$aMeasurement Science and Instrumentation. 615 24$aSports Biomechanics. 615 24$aClassical Mechanics. 615 24$aData Analysis and Big Data. 676 $a796.334 676 $a796.3340727 700 $aClemente$b Filipe Manuel$0763549 801 0$bMiAaPQ 801 1$bMiAaPQ 801 2$bMiAaPQ 906 $aBOOK 912 $a9910568249003321 996 $aField-based tests for soccer players$92991779 997 $aUNINA